[Event "GER-ch U10 Girls"]
[Site "Willingen"]
[Date "2024.05.24"]
[Round "9"]
[White "Sriram, Yashasri"]
[Black "Jaensch, Layla"]
[Result "0-1"]
[WhiteElo "1576"]
[BlackElo "962"]
[PlyCount "120"]
[EventDate "2024.05.19"]
[EventType "swiss"]
[EventRounds "11"]
[EventCountry "GER"]
[SourceTitle "CBM 220 Extra"]
[Source "ChessBase"]
[SourceDate "2024.07.31"]
[SourceVersion "1"]
[SourceVersionDate "2024.07.31"]
[SourceQuality "1"]

1. e4 e5 2. Nf3 Nc6 3. Bc4 Be7 4. 0-0 Nf6 5. d3 0-0 6. Re1 d5 7. exd5 Nxd5 8. Nxe5 Na5 9. Bxd5 Qxd5 10. Qf3 Qd6 11. Bf4 Qf6 12. Bd2 Qxf3 13. Nxf3 Nc6 14. Nc3 Rd8 15. Re2 Bg4 16. Rae1 Bf6 17. Re4 Bxf3 18. gxf3 Nd4 19. Kg2 Nxc2 20. R1e2 c6 21. Be3 Nxe3+ 22. R2xe3 h6 23. h4 Bd4 24. Re2 Bxc3 25. bxc3 Rxd3 26. Re8+ Rxe8 27. Rxe8+ Kh7 28. Re7 b5 29. Rxa7 f6 30. Ra3 b4 31. Rb3 bxc3 32. Rb1 Rd2 33. Rc1 Rxa2 34. Rxc3 Ra6 35. Kg3 g5 36. h5 Kg7 37. Kg4 Kf7 38. f4 Ra4 39. Rf3 Rxf4+ 40. Rxf4 gxf4 41. Kxf4 Ke6 42. Ke4 Kd6 43. Kd4 c5+ 44. Kc4 Ke5 45. Kxc5 Kf5 46. Kd4 Kg4 47. Ke4 f5+ 48. Ke3 Kxh5 49. Kf4 Kh4 50. Kxf5 h5 51. f3 Kh3 52. Kf4 h4 53. Ke3 Kg2 54. Kf4 h3 55. Kg4 h2 56. Kh4 h1Q+ 57. Kg4 Qh3+ 58. Kg5 Qxf3 59. Kh4 Qg3+ 60. Kh5 Kf3 0-1

[Event "GER-ch U10 Girls"]
[Site "Willingen"]
[Date "2024.05.23"]
[Round "8"]
[White "Winkler, Anni"]
[Black "Sriram, Yashasri"]
[Result "1-0"]
[WhiteElo "1420"]
[BlackElo "1576"]
[PlyCount "103"]
[EventDate "2024.05.19"]
[EventType "swiss"]
[EventRounds "11"]
[EventCountry "GER"]
[SourceTitle "CBM 220 Extra"]
[Source "ChessBase"]
[SourceDate "2024.07.31"]
[SourceVersion "1"]
[SourceVersionDate "2024.07.31"]
[SourceQuality "1"]

1. e4 e6 2. d4 d5 3. exd5 exd5 4. Nf3 Bd6 5. Bd3 Ne7 6. 0-0 Bg4 7. Bg5 f6 8. Bh4 Nbc6 9. c3 0-0 10. Nbd2 Qd7 11. Qc2 Bf5 12. Rae1 Bxd3 13. Qxd3 Rfe8 14. Re2 Ng6 15. Bg3 Rxe2 16. Qxe2 Re8 17. Qd1 Nf4 18. Re1 Nd3 19. Rxe8+ Qxe8 20. Bxd6 cxd6 21. Qb3 Ne1 22. Qxd5+ Kh8 23. Qxd6 Nxf3+ 24. Nxf3 h6 25. h3 Qe7 26. Qd5 Qe2 27. Qb3 Qe7 28. Qb5 a6 29. Qf5 Qf7 30. b3 g6 31. Qd3 g5 32. d5 Ne5 33. Nxe5 fxe5 34. d6 Qd7 35. f3 Kg8 36. Qd5+ Kf8 37. Qxe5 Kf7 38. c4 Qe6 39. Qxe6+ Kxe6 40. c5 h5 41. b4 h4 42. a4 Kd7 43. Kf2 b5 44. axb5 axb5 45. Ke3 Ke6 46. Kd4 Kd7 47. Kd5 Kd8 48. Kc6 g4 49. fxg4 Kc8 50. Kxb5 Kd7 51. Kb6 Kc8 52. Kc6 1-0

[Event "GER-ch U10 Girls"]
[Site "Willingen"]
[Date "2024.05.20"]
[Round "3"]
[White "Sriram, Yashasri"]
[Black "Seyedfakhari, Elena"]
[Result "0-1"]
[WhiteElo "1576"]
[BlackElo "1060"]
[PlyCount "64"]
[EventDate "2024.05.19"]
[EventType "swiss"]
[EventRounds "11"]
[EventCountry "GER"]
[SourceTitle "CBM 220 Extra"]
[Source "ChessBase"]
[SourceDate "2024.07.31"]
[SourceVersion "1"]
[SourceVersionDate "2024.07.31"]
[SourceQuality "1"]

1. e4 e5 2. Nf3 Nc6 3. Bc4 Bc5 4. c3 Nf6 5. d3 d5 6. exd5 Nxd5 7. Qb3 Be6 8. Qxb7 Nce7 9. Qb5+ c6 10. Qxc5 0-0 11. Nxe5 Rc8 12. Qxa7 f6 13. Nf3 Rc7 14. Qa4 Nf5 15. Bxd5 Bxd5 16. b4 Re8+ 17. Kd2 Be4 18. d4 c5 19. Na3 Bxf3 20. gxf3 cxd4 21. c4 Qe7 22. Qd1 Qxb4+ 23. Kc2 Qc3+ 24. Kb1 Rb7+ 25. Nb5 Qxc4 26. Qf1 Rxb5+ 27. Bb2 Re2 28. Qc1 Qc3 29. Qxc3 dxc3 30. a3 Rbxb2+ 31. Kc1 Rxf2 32. a4 Ne3 0-1